| 000 | 00708 a2200229 4500 | ||
|---|---|---|---|
| 001 | 200000154 | ||
| 999 |
_c200000154 _d42800 |
||
| 003 | TR-AnTOB | ||
| 005 | 20230821085907.0 | ||
| 008 | eng | ||
| 020 | _a1899396853 | ||
| 035 | _b13143542 | ||
| 041 | _aeng | ||
| 100 | 1 |
_aWatson-Delestree, A. _967785 |
|
| 245 | 4 |
_aThe working week : _bspoken business English with a lexical approach / _cAnne Watson-Delestree, Jimmie Hill. |
|
| 264 | 1 |
_a: _bLanguage Teaching Publications, _c1998. |
|
| 300 | _a136p. | ||
| 650 | 0 |
_aEnglish language _xBusiness English _967684 |
|
| 650 | 0 |
_aEnglish language _vTextbooks for foreign speakers _xTextbooks for foreign speakers _967636 |
|
| 700 | 1 |
_aHill, J. _967786 |
|
| 942 | _cBK | ||